000 00335nam a2200133 i 4500
001 bg
100 1 _aKIRKOR, Stanisław
245 0 _aPolacy w niewoli angielskiej w latach 1803-1814 /
_cStanisław Kirkor.
260 _aKraków,
_c1981.
040 _cBPK
041 _apol
942 _cKS
008 s pl f |000 0 pol
999 _c20203
_d20203
856 _uhttp://koha.tu.koszalin.pl/cgi-bin/koha/opac-detail.pl?biblionumber=20203
_yKatalog online BPK